000 00501nam a22001577a 4500
003 OSt
005 20220916173913.0
008 220916b |||||||| |||| 00| 0 eng d
040 _cBiblioteca Lado V
082 _a709.809.04
_bF246c
100 _aFarrington, Caroline
_ecuradora
245 _aCross-cultural currents in contemporary Latin American Arts/
260 _aInglaterra
_bTe British Counsil
_c1992
300 _a52p.
_c21x30cm
942 _2ddc
_c1
_h709.809.04
_iF246c
_n0
999 _c2066
_d2066